Study of flooded forest at tonle sap great lake in siemreap , kampong thom, pursat and bonteay meanchey province , សិក្សាពីព្រៃលិចទឹក នៅបឹងទន្លេសាបក្នុងខេត្តសៀមរាប កំពង់ធំ ពោធិ៍សាត់ និងបន្ទាយមានជ័យ (Record no. 6982)

000 -LEADER
fixed length control field 00753nam a22001577a 4500
003 - CONTROL NUMBER IDENTIFIER
control field OSt
005 - DATE AND TIME OF LATEST TRANSACTION
control field 20160223101654.0
008 - FIXED-LENGTH DATA ELEMENTS--GENERAL INFORMATION
fixed length control field 160223b xxu||||| |||| 00| 0 eng d
040 ## - CATALOGING SOURCE
Transcribing agency RUA
082 ## - DEWEY DECIMAL CLASSIFICATION NUMBER
Classification number MNR KHO 2013 B425 Or.1
100 ## - MAIN ENTRY--PERSONAL NAME
9 (RLIN) 7399
Personal name KHOV VENGSONG ; ខូវ វេងសុង
245 ## - TITLE STATEMENT
Title Study of flooded forest at tonle sap great lake in siemreap , kampong thom, pursat and bonteay meanchey province , សិក្សាពីព្រៃលិចទឹក នៅបឹងទន្លេសាបក្នុងខេត្តសៀមរាប កំពង់ធំ ពោធិ៍សាត់ និងបន្ទាយមានជ័យ
260 ## - PUBLICATION, DISTRIBUTION, ETC. (IMPRINT)
Place of publication, distribution, etc. Phnom Penh
Name of publisher, distributor, etc. RUA
Date of publication, distribution, etc. 2013
300 ## - PHYSICAL DESCRIPTION
Extent xii ; 58p.
Other physical details ill.
Dimensions 29cm.
942 ## - ADDED ENTRY ELEMENTS (KOHA)
Source of classification or shelving scheme
Koha item type MNR
Holdings
Price effective from Date last seen Permanent Location Not for loan Date acquired Source of classification or shelving scheme Koha item type Lost status Withdrawn status Total Renewals Date last checked out Total Checkouts Shelving location Damaged status Barcode Current Location Full call number
2016-02-232019-03-06Library Block B 2016-02-23 MNR   2019-02-081B425 RUA052135Library Block BMNR KHO 2013 B425 Or.1
2016-02-232018-02-05Library Block B 2016-02-23 MNR   2018-01-191B425 RUA051413Library Block BMNR KHO 2013 B425 Or.2
2016-02-232016-04-04Library Block B 2016-02-23 MNR  12016-02-271B425 RUA052267Library Block BMNR KHO 2013 B425 Or.3
2016-02-232016-02-23Library Block B 2016-02-23 MNR     B425 RUA051268Library Block BMNR KHO 2013 B425 Or.4
2016-02-232016-02-23Library Block B 2016-02-23 MNR     B425 RUA051290Library Block BMNR KHO 2013 B425 Or.5
2016-02-232016-02-23Library Block B 2016-02-23 MNR     B425 RUA051449Library Block BMNR KHO 2013 B425 Or.6
2016-02-232016-09-26Library Block B 2016-02-23 MNR   2016-08-081B425 RUA051865Library Block BMNR KHO 2013 B425 Or.7
2016-02-232020-10-23Library Block B 2016-02-23 MNR  12020-02-113B425 RUA051014Library Block BMNR KHO 2013 B425 Or.8
មជ្ឈមណ្ឌលឯការនៃសាកលវិទ្យាល័យភូមិន្ទកសិកម្មចំការដូង

Powered by Koha